| 000 | 00654nam a2200229 a 4500 | ||
|---|---|---|---|
| 001 | BRCA_5211 | ||
| 005 | 20190320205003.0 | ||
| 008 | 261110s1940----gw-a######---#000-0#ger-# | ||
| 041 | _ager | ||
| 044 | _agw | ||
| 050 | 4 |
_aS671 _b.H36 1940 |
|
| 100 | 1 |
_aHansen, Otto von _913341 |
|
| 245 | 1 | 0 |
_aBauanleitung _bfür einfachen Hausbau _cOtto von Hansen. |
| 260 |
_aKiel, Alemania _bOtto Hansen _c[1940] |
||
| 300 |
_a25 p. _bil., 56 láminas _c21 cm. |
||
| 500 | _aEstado físico: Encuadernación desprendida | ||
| 500 | _aE44 | ||
| 650 | 1 | 4 |
_aEdificios _xConstrucciones _913342 |
| 650 | 1 | 4 |
_aEdificios _xTécnica _913343 |
| 902 | _aGFM | ||
| 942 |
_2lcc _cB |
||
| 999 |
_c4905 _d4905 |
||